| 000 | 01491cam a2200361 a 4500 | ||
|---|---|---|---|
| 001 | 13636641 | ||
| 005 | 20161105092627.0 | ||
| 008 | 040625s2004 enkab be 001 0 eng d | ||
| 010 | _a 2004300911 | ||
| 015 | _aGBA2-U9024 | ||
| 020 | _a0521562562 | ||
| 035 | _a(OCoLC)ocm50652925 | ||
| 040 |
_aUKM _cUKM _dOCLCQ _dC#P _dDLC |
||
| 042 | _alccopycat | ||
| 050 | 0 | 0 |
_aP371 _b.C357 2004 |
| 082 | 0 | 4 |
_aDRef 030 _22004 _bW89 |
| 245 | 0 | 4 |
_aThe Cambridge encyclopedia of the world's ancient languages / _cedited by Roger D. Woodard. |
| 246 | 3 | 0 | _aEncyclopedia of the world's ancient languages |
| 246 | 3 | 0 | _aWorld's ancient languages |
| 260 |
_aCambridge ; _aNew York : _bCambridge University Press, _cc2004. |
||
| 300 |
_axx, 1162 pages : _billustrations ; _c26 cm. |
||
| 504 | _aIncludes bibliographical references and indexes. | ||
| 650 | 0 |
_aLanguage and languages _vEncyclopedias. |
|
| 650 | 0 |
_aExtinct languages _vEncyclopedias. |
|
| 700 |
_aWoodard, Roger D. _916961 _eEditor |
||
| 856 | 4 | 1 |
_3Table of contents _uhttp://www.loc.gov/catdir/toc/cam051/2004300911.html |
| 856 | 4 | 2 |
_3Publisher description _uhttp://www.loc.gov/catdir/description/cam051/2004300911.html |
| 856 | 4 | 2 |
_3Contributor biographical information _uhttp://www.loc.gov/catdir/enhancements/fy0732/2004300911-b.html |
| 365 | _b1995.00 | ||
| 906 |
_a7 _bcbc _ccopycat _d2 _encip _f20 _gy-gencatlg |
||
| 942 |
_2ddc _cDREF |
||
| 999 |
_c5499 _d5499 |
||